| 000 | 00575nam a2200133Ia 4500 | ||
|---|---|---|---|
| 008 | 171212s9999 xx 000 0 und d | ||
| 020 | _a9780874214178 | ||
| 100 | _aHengesbaugh, Mark | ||
| 245 |
_cHengesbaugh, Mark _aCreatures Of Habitat _bThe Changing Nature of Wildlife and Wild Places in Utah and the Intermountain West |
||
| 260 |
_bUniversity Press of Colorado _c2001 |
||
| 650 | _aBiological Sciences | ||
| 650 | _aZoology -- Utah; Habitat (Ecology) -- Utah; Zoology -- Great Basin; Habitat (Ecology) -- Great Basin | ||
| 856 | _uwww.jstor.org/stable/10.2307/j.ctt46nxxk | ||
| 999 |
_c353051 _d353051 |
||